Football par lettre - T - Statistiques

Statistiques générales
  • Ce quiz a été pris 192 fois
  • Le résultat moyen est 16 sur 20
Statistiques - réponses
Questions Réponses % Correct
Quel attaquant italien est resté fidèle à la Roma pendant plus de 20 ans ? Francesco Totti
97%
Quel club a remporté la Coupe de France 2023 sur le score de 5 à 1 face à Nantes ? Toulouse FC
96%
Quel milieu de terrain français s'est engagé avec le Réal Madrid à l'été 2023, en provenance de l'AS Monaco ? Aurélien Tchouaméni
94%
Quel milieu français, également champion du monde 2018, a évolué à l'OL et au Bayern Munich ? Corentin Tolisso
94%
Quel défenseur français a inscrit un doublé en demi finale de Coupe du Monde 1998 ? Lilian Thuram
94%
Quel attaquant français, champion du monde 2018, a évolué à Marseille, Udinese et Lens ? Florian Thauvin
93%
Quel club, le plus titré d'Italie a connu des joueurs comme Del Piero ou Baggio ? Juventus Turin
92%
Quel club a remporté la Ligue Europa en 2025 face à Manchester United ? Tottenham Hotspurs
91%
Quel attaquant français a inscrit le but victorieux en finale de l'Euro 2000 ? David Trézeguet
88%
Quel attaquant espagnol a terminé à la troisième place du Ballon d'Or 2008 ? Fernando Torres
88%
Quel défenseur anglais est le capitaine emblématique du Chelsea des années 2000-2010 ? John Terry
83%
Quel club italien est le rival du club (quatre cases au-dessus) ? Torino FC
83%
Quel entraîneur allemand, désormais sélectionneur a permis à Chelsea de remporter la Ligue des Champions en 2021 ? Thomas Tuchel
82%
Quel gardien allemand est indissociable de la Remontada connue par le PSG en 2017 ? Kevin Trapp
81%
Quel milieu de terrain belge, passé par l'AS Monaco et Leicester évolue désormais à Aston Villa ? Youri Tielemans
75%
Quel défenseur allemand a grandement contribué à la saison des invincibles du Bayer Leverkusen en 2023/2024 ? Jonathan Tah
72%
Quel attaquant belge, évoluant à Arsenal a fait le bonheur de Brighton de 2019 à 2023 ? Leandro Trossard
69%
Quel latéral droit anglais évoluant à Newcastle est connu pour sa précision sur les coups de pied arrêtés ? Kieran Trippier
68%
Quel robuste attaquant argentin était surnommé le "Bison" ? Carlos Tevez
54%
Avec quelle ville le club de Roubaix a-t-il remporté le championnat de France en 1947 ? Tourcoing
43%
Aucun quiz correspondant
Distribution des résultats
% des personnes avec chaque résultat
Percentile par nombre de réponses
Votre historique - résultats
Vous n’avez pas pris ce quiz